Estadísticas para Ciudad Europea para el Club de fútbol

Haz click aquí para tomar la prueba!

Estadísticas generales

  • Esta prueba ha sido tomada 249 veces
  • La puntuación promedio es 25 de 36

Estadísticas de respuestas

Club City % Correcto
Sporting de ______Lisboa
97%
JuventusTurín
96%
Atlético de ______Madrid
95%
Bayern de _______Múnich
94%
_____ Saint-GermainParís
92%
ArsenalLondres
92%
InterMilán
91%
AjaxÁmsterdam
91%
EspañolBarcelona
88%
Lokomotiv ______Moscú
85%
LazioRoma
84%
PanathinaikosAtenas
83%
HerthaBerlín
83%
CelticGlasgow
83%
Rapid ____Viena
80%
Estrella Rojo de ________Belgrado
80%
AnderlechtBruselas
78%
Legia de ______Varsovia
76%
ShakhtarDonetsk
76%
ZenitSan Petersburgo
75%
EvertonLiverpool
70%
Dinamo ______Zagreb
69%
FCSBBucarest
66%
BeşiktaşEstambul
62%
FeyenoordRóterdam
59%
Young BoysBerna
55%
SampdoriaGénova
46%
FerencvárosBudapest
40%
Aston VillaBirmingham
40%
HJKHelsinki
40%
GrasshoppersZúrich
39%
Shamrock RoversDublín
39%
AIKEstocolmo
35%
Bohemians ______ 1905Praga
29%
VålerengaOslo
25%
ValurReikiavik
20%

Distribución de puntuación

Porcentaje por número respondido

Porcentaje de gente con cada puntuación

Historial de tus puntuaciones

No has tomado esta prueba